| 000 | 00369nam a2200145Ia 4500 | ||
|---|---|---|---|
| 005 | 20250310052733.0 | ||
| 008 | 240331s9999 xx 000 0 und d | ||
| 082 |
_a823 _bSIR |
||
| 100 | _aSiriwardena,E | ||
| 245 | 0 | _aBalan harimi kadathurawa | |
| 260 |
_aNugegoda _bSrimaali enterprises pvt ltd _c1987 |
||
| 300 | _a118 p ., ( v 3) | ||
| 650 | _aLove story | ||
| 942 | _cL | ||
| 999 |
_c1184 _d1184 |
||